000 00346nam a2200145Ia 4500
008 090124s9999 xx 000 0 und d
082 _b303609
245 _a वलय
250 _a1
260 _bराजपूत रघुवीर सिंह
_c1997
300 _a168
630 _a वलय
730 _a वलय
942 _cBOOK
999 _c193246
_d193246